Tax reform could boost supply (Record no. 71035)
[ view plain ]
| 000 -LEADER | |
|---|---|
| fixed length control field | 00844cam a2200205 4500 |
| 001 - CONTROL NUMBER | |
| control field | WB3831-24 |
| 008 - FIXED-LENGTH DATA ELEMENTS--GENERAL INFORMATION | |
| fixed length control field | 020829n2002 000 0 eng u |
| 035 ## - SYSTEM CONTROL NUMBER | |
| System control number | (Sirsi) u119477 |
| 245 ## - TITLE STATEMENT | |
| Title | Tax reform could boost supply |
| 260 ## - PUBLICATION, DISTRIBUTION, ETC. | |
| Date of publication, distribution, etc. | 2002 |
| 490 ## - SERIES STATEMENT | |
| Series statement | Inside Housing |
| Volume/sequential designation | 23 August 2002, 1(1) |
| 520 ## - SUMMARY, ETC. | |
| Summary, etc. | A research paper by Cambridge Centre for Housing and Planning Research outlines a number of tax reforms to enable government to increase affordable housing provision. The research for the ODPM could be used in negotiations with the Treasury over spending cash. "Fiscal policy options to promote affordable housing" available at www.housing.odpm.gov.uk/hrs/hrs168 |
| 590 ## - LOCAL NOTE (RLIN) | |
| Local note | WB |
| 650 ## - SUBJECT ADDED ENTRY--TOPICAL TERM | |
| Topical term or geographic name entry element | Affordable housing |
| 9 (RLIN) | 6215 |
| 650 ## - SUBJECT ADDED ENTRY--TOPICAL TERM | |
| Topical term or geographic name entry element | ODPM |
| 650 ## - SUBJECT ADDED ENTRY--TOPICAL TERM | |
| Topical term or geographic name entry element | FISCAL POLICY |
| 650 ## - SUBJECT ADDED ENTRY--TOPICAL TERM | |
| Topical term or geographic name entry element | TAX REFORM |
| 690 ## - LOCAL SUBJECT ADDED ENTRY--TOPICAL TERM (OCLC, RLIN) | |
| Topical term or geographic name as entry element | HOUSING |
| 942 ## - ADDED ENTRY ELEMENTS (KOHA) | |
| Suppress in OPAC | 0 |
| Withdrawn status | Lost status | Source of classification or shelving scheme | Damaged status | Not for loan | Home library | Current library | Shelving location | Date acquired | Total Checkouts | Full call number | Barcode | Date last seen | Copy number | Price effective from | Koha item type |
|---|---|---|---|---|---|---|---|---|---|---|---|---|---|---|---|
| Dewey Decimal Classification | London | London | News article | 29/08/2002 | WB3831-24 | 119477-1001 | 06/08/2019 | 1 | 06/08/2019 | News article |